Csanádi Józsefné Varga Rozália
Elmentve itt :
| Dokumentumtípus: | Cikk |
|---|---|
| Megjelent: |
2008-08-02
|
| Sorozat: | Délmagyarország
98 No. 180 |
| Kulcsszavak: | Csanádi Józsefné, Szeged, Gyászközlemény, Könyvtáros |
| Online Access: | http://dmarchiv.bibl.u-szeged.hu/140484 |
| LEADER | 00452nab a2200145 i 4500 | ||
|---|---|---|---|
| 001 | delm140484 | ||
| 005 | 20200107084709.0 | ||
| 008 | 200107s2008 hu o 0|| hun d | ||
| 040 | |a SZTE Délmagyarország Archívum |b hun | ||
| 041 | |a hun | ||
| 245 | 0 | 0 | |a Csanádi Józsefné Varga Rozália |h [elektronikus dokumentum] |
| 260 | |c 2008-08-02 | ||
| 300 | |a 19 | ||
| 490 | 0 | |a Délmagyarország |v 98 No. 180 | |
| 695 | |a Csanádi Józsefné, Szeged, Gyászközlemény, Könyvtáros | ||